000 00815cam a2200217 a 4500
001 690677
005 20250122201435.0
008 960530s1997 nyu b 001 0beng
020 _a0195093143 (acidfree paper)
050 0 0 _aKF8745.M34
_bT87 1997
082 0 0 _a347.73/26
_a347.30735
_220
100 1 _aTushnet, Mark V.,
_d1945-
245 1 0 _aMaking constitutional law :
_bThurgood Marshall and the Supreme Court, 1961-1991 /
_cMark V. Tushnet.
260 _aNew York :
_bOxford University Press,
_c1997.
300 _aviii, 246 p. ;
_c25 cm.
650 0 _aJudges
_zUnited States
_xBiography.
650 0 _aConstitutional law
_zUnited States.
650 0 _aCivil rights
_zUnited States
_xHistory.
856 4 2 _3Publisher description
_uhttp://www.loc.gov/catdir/enhancements/fy0602/96025548-d.html
942 _2lcc
_cBK
_n0
999 _c2854
_d2854